Elementary linear algebra / (Record no. 11359)

MARC details
000 -LEADER
fixed length control field 01111cam a2200361 a 4500
001 - CONTROL NUMBER
control field 16060823
003 - CONTROL NUMBER IDENTIFIER
control field mut
005 - DATE AND TIME OF LATEST TRANSACTION
control field 20240606081156.0
008 - FIXED-LENGTH DATA ELEMENTS--GENERAL INFORMATION
fixed length control field 100120s2010 njua 000 0 eng
010 ## - LIBRARY OF CONGRESS CONTROL NUMBER
LC control number 2010000340
015 ## - NATIONAL BIBLIOGRAPHY NUMBER
National bibliography number GBA9A6071
Source bnb
015 ## - NATIONAL BIBLIOGRAPHY NUMBER
National bibliography number GBA9A6064
Source bnb
016 7# - NATIONAL BIBLIOGRAPHIC AGENCY CONTROL NUMBER
Record control number 015408516
Source Uk
016 7# - NATIONAL BIBLIOGRAPHIC AGENCY CONTROL NUMBER
Record control number 015408509
Source Uk
020 ## - INTERNATIONAL STANDARD BOOK NUMBER
International Standard Book Number 9780470458211 (cloth)
020 ## - INTERNATIONAL STANDARD BOOK NUMBER
International Standard Book Number 0470458216 (cloth)
020 ## - INTERNATIONAL STANDARD BOOK NUMBER
International Standard Book Number 9780470432051 (hbk.)
020 ## - INTERNATIONAL STANDARD BOOK NUMBER
International Standard Book Number 0470432055 (hbk.)
035 ## - SYSTEM CONTROL NUMBER
System control number (OCoLC)ocn463637219
040 ## - CATALOGING SOURCE
Original cataloging agency DLC
Transcribing agency DLC
Modifying agency YDX
-- BTCTA
-- UKM
-- YDXCP
-- ORX
-- NLGGC
-- ZNC
-- DLC
050 00 - LIBRARY OF CONGRESS CALL NUMBER
Classification number QA184.2
Item number .A58 2010
082 00 - DEWEY DECIMAL CLASSIFICATION NUMBER
Classification number 512/.5
Edition information 22
084 ## - OTHER CLASSIFICATION NUMBER
Classification number 31.25
Number source bcl
100 1# - MAIN ENTRY--PERSONAL NAME
Personal name Anton, Howard.
245 10 - TITLE STATEMENT
Title Elementary linear algebra /
250 ## - EDITION STATEMENT
Edition statement 10th ed.
260 ## - PUBLICATION, DISTRIBUTION, ETC.
Place of publication, distribution, etc. Hoboken, NJ :
Name of publisher, distributor, etc. Wiley,
Date of publication, distribution, etc. c2010.
300 ## - PHYSICAL DESCRIPTION
Extent xv, 568 p. :
Other physical details ill. (some col.) ;
Dimensions 27 cm.
650 #0 - SUBJECT ADDED ENTRY--TOPICAL TERM
Topical term or geographic name entry element Algebras, Linear
Form subdivision Textbooks.
906 ## - LOCAL DATA ELEMENT F, LDF (RLIN)
a 7
b cbc
c orignew
d 1
e ecip
f 20
g y-gencatlg
942 ## - ADDED ENTRY ELEMENTS (KOHA)
Source of classification or shelving scheme Library of Congress Classification
Koha item type Books
Holdings
Withdrawn status Lost status Source of classification or shelving scheme Damaged status Not for loan Home library Current library Shelving location Date acquired Total checkouts Total renewals Full call number Barcode Date last seen Date last checked out Price effective from Koha item type Source of acquisition
    Library of Congress Classification     Murang'a University of Technology Library Murang'a University of Technology Library General stacks 06/09/2017 6 1 QA184.2 .A58 2010 012337 22/11/2019 08/11/2019 06/09/2017 Books  
    Library of Congress Classification     Murang'a University of Technology Library Murang'a University of Technology Library General stacks 06/09/2017 8   QA184.2 .A58 2010 012318 08/12/2022 07/12/2022 06/09/2017 Books  
    Library of Congress Classification     Murang'a University of Technology Library Murang'a University of Technology Library General stacks 08/09/2017 10 1 QA184.2 .A58 2010 012276 30/08/2024 05/12/2019 08/09/2017 Books Donation-TFC
    Library of Congress Classification     Murang'a University of Technology Library Murang'a University of Technology Library General stacks 13/09/2017 10   QA184.2 .A58 2010 012246 30/08/2024 18/12/2019 13/09/2017 Books Donation-TFC
    Library of Congress Classification     Murang'a University of Technology Library Murang'a University of Technology Library General stacks 13/09/2017 2   QA184.2 .A58 2010 012391 06/12/2025 22/11/2025 13/09/2017 Books Donation-TFC
    Library of Congress Classification     Murang'a University of Technology Library Murang'a University of Technology Library General stacks 14/09/2017 6   QA184.2 .A58 2010 012216 14/03/2020 11/03/2020 14/09/2017 Books Donation-TFC
    Library of Congress Classification     Murang'a University of Technology Library Murang'a University of Technology Library General stacks 09/10/2017     QA 184.2 .A58 2010 015545 09/10/2017   09/10/2017 Books Donation-TFC